All Alaska Airlines Destinations - Statistics

General Stats
  • This quiz has been taken 40 times
  • The average score is 88 of 129
Answer Stats
Hint Answer % Correct
Alaska Anchorage
97%
Texas Dallas/Fort Worth
97%
Texas Dallas Love
97%
Georgia Atlanta
95%
Texas Austin
92%
Massachusetts Boston
92%
Illinois Chicago - O'Hare
92%
Hawaii Honolulu
92%
Texas Houston - Intercontinental
92%
Nevada Las Vegas
92%
Oklahoma Oklahoma City
92%
Florida Orlando
92%
District of Columbia Washington - Dulles
92%
District of Columbia Washington - National
92%
Maryland Baltimore
89%
Ohio Cleveland
89%
Colorado Denver
89%
Michigan Detroit
89%
Florida Miami
89%
Pennsylvania Philadelphia
89%
Oregon Portland
89%
California San Diego
89%
California San Francisco
89%
California San Jose (CA)
89%
Costa Rica San Jose (CR)
89%
Idaho Boise
86%
Mexico Cancun
86%
Missouri Kansas City
86%
California Los Angeles
86%
New York New York City - JFK
86%
Nebraska Omaha
86%
Arizona Phoenix - Sky Harbor
86%
Washington Seattle/Tacoma
86%
Missouri St. Louis
86%
Canada Toronto
86%
Canada Vancouver
86%
Canada Calgary
84%
Ohio Columbus
84%
Alaska Fairbanks
84%
Wisconsin Milwaukee
84%
Pennsylvania Pittsburgh
84%
Utah Salt Lake City
84%
Texas San Antonio
84%
New Mexico Albuquerque
81%
Montana Billings
81%
South Carolina Charleston
81%
Ohio Cincinnati/Covington
81%
Canada Edmonton
81%
Indiana Indianapolis
81%
Alaska Juneau
81%
Tennessee Nashville
81%
Louisiana New Orleans
81%
California Oakland
81%
Washington Spokane
81%
Florida Tampa
81%
Kansas Wichita
81%
Texas El Paso
78%
Florida Fort Lauderdale
78%
Wyoming Jackson Hole
78%
Minnesota Minneapolis/St. Paul
78%
New Jersey Newark
78%
Nevada Reno
78%
Belize Belize City
76%
Mexico Guadalajara
76%
Guatemala Guatemala City
76%
North Carolina Raleigh/Durham
76%
Arizona Tucson
76%
Oregon Eugene
73%
California Fresno/Yosemite
73%
California Monterey
73%
Mexico Monterrey
73%
Bahamas Nassau
73%
California Sacramento
73%
Montana Bozeman
70%
Canada Victoria
68%
Mexico San Jose del Cabo
65%
Montana Helena
62%
Hawaii Kailua/Kona
62%
Costa Rica Liberia
62%
Alaska Nome
62%
California Ontario
62%
Alaska Barrow
59%
Washington Bellingham
59%
Hawaii Lihue
59%
California Orange County/Santa Ana
59%
Oregon Redmond/Bend
59%
California Burbank
57%
Idaho Idaho Falls
57%
Alaska Ketchikan
57%
Montana Missoula
57%
Washington Everett
54%
Hawaii Kahului
54%
Oregon Medford
54%
California Palm Springs
54%
Alaska Sitka
54%
Washington Yakima
54%
Canada Kelowna
51%
Washington Pasco
51%
Mexico Puerto Vallarta
51%
Montana Great Falls
49%
California Redding
49%
California San Luis Obispo
49%
California Santa Barbara
49%
Washington Walla Walla
49%
Alaska Kodiak
46%
California Santa Rosa
46%
Colorado Steamboat Springs/Hayden
46%
Alaska Bethel
43%
Florida Fort Myers
43%
Washington Pullman/Moscow
43%
Alaska Adak
41%
Montana Kalispell
41%
Colorado Vail/Eagle
41%
Alaska Dillingham
35%
Mexico Mazatlan
35%
Alaska Deadhorse/Prudhoe Bay
32%
Idaho Sun Valley
32%
Alaska Cordova
30%
Mexico Ixtapa/Zihuatanejo
30%
Mexico La Paz
30%
Washington Wenatchee
30%
Mexico Manzanillo
27%
Alaska Yakutat
27%
Mexico Loreto
24%
Alaska Wrangell
24%
Alaska Gustavus
22%
Alaska King Salmon
22%
Alaska Kotzebue
22%
Alaska Petersburg
19%
No matching quizzes found
Score Distribution
Percent of People with Each Score
Percentile by Number Answered
Your Score History
You have not taken this quiz